00493nam a22001577a 4500010001500000020002600015035001400041037000900055082001100064100002300075245005400098250000600152260004300158270011400201300002000315 aENG-143557 a9788193181324c950.00 aEN-127089 bDBAD a306.08 aPathak, Dharmendra aKnow Indian Tribals Issues/cby Dharmendra Pathak a1 aNew DelhibRitika Books Servicesc2016 a99,Janta Flat, GTB, Enclave Dilshad GardenbNew Delhie110095k+91(011)28520555mritikabookservices@gmail.com a224p.b22cm(hb)